Vom Tsunami 2004 am stärksten betroffene Länder - Statistiken

Allgemein
  • Dieses Quiz wurde 4.744 mal gespielt
  • Das Durchschnittsergebnis liegt bei 5 aus 8
Antwortstatistiken
Die Opfer Land % Korrekt
167,540 Indonesien
93%
8,212 Thailand
91%
16,269 Indien
89%
35,322 Sri Lanka
80%
400–600 Myanmar
73%
289 Somalia
28%
539 Deutschland
21%
543 Schweden
12%
Keine übereinstimmenden Quizze gefunden
Verteilung der Resultate
Anzahl Personen mit jedem Resultat
Perzentil nach korrekt beantworteten Fragen
Ihre Resultats-Entwicklung
Sie haben dieses Quiz noch nicht gespielt